[Event "Tournoi Skype 024A"]
[Site "Skype"]
[Date "????.??.??"]
[Round "2.32"]
[White "Yeter, Orhan"]
[Black "Bhandari, Dattatrey"]
[Result "1-0"]
[WhiteElo "1570"]
[BlackElo "1425"]
[PlyCount "69"]

1. e4 e5 2. Nf3 Nc6 3. Bb5 Nf6 4. O-O Be7 5. Bxc6 bxc6 6. Nxe5 Nxe4 7. Re1 Nf6
8. d4 O-O 9. Bg5 Bb7 10. Nc3 d6 11. Ng4 Bc8 12. Nxf6+ Bxf6 13. Bxf6 Qxf6 14. d5
Qg6 15. dxc6 Bh3 16. Qf3 Bg4 17. Qg3 f5 18. h3 f4 19. Qxg4 Qxg4 20. hxg4 g5 21.
Re7 Rf7 22. Rxf7 Kxf7 23. Re1 Re8 24. Rxe8 Kxe8 25. Nd5 Kd8 26. Nf6 h6 27. Ng8
Ke8 28. Nxh6 Kf8 29. Nf5 Kf7 30. Nd4 a6 31. b4 Kf6 32. b5 axb5 33. Nxb5 Ke5 34.
Nxc7 d5 35. Nxd5 1-0

[Event "Tournoi Skype 024A"]
[Site "Skype"]
[Date "????.??.??"]
[Round "2.33"]
[White "Ramirez Reina, Orlando"]
[Black "Leyton Calderon, Jairo Oswaldo"]
[Result "0-1"]
[WhiteElo "1492"]
[BlackElo "1562"]
[PlyCount "108"]

1. d4 Nf6 2. c4 g6 3. Nc3 Bg7 4. e4 d6 5. f4 O-O 6. Nf3 c6 7. Be2 Bg4 8. h3 Bd7
9. O-O Na6 10. a3 e5 11. fxe5 dxe5 12. dxe5 Ne8 13. Bf4 Nec7 14. Qe1 Ne6 15.
Bh2 Qc7 16. b4 Rad8 17. Rd1 Qc8 18. Qh4 Nac7 19. g4 f6 20. Rd2 fxe5 21. Bxe5
Rxf3 22. Rxf3 Bxe5 23. Qe7 Bg7 24. Qf7+ Kh8 25. Rfd3 Be8 26. Rxd8 Nxd8 27. Qf3
Nde6 28. h4 Nd4 29. Rxd4 Bxd4+ 30. Kg2 Bg7 31. g5 Ne6 32. Qg4 Bd7 33. Qf3 Nd4
34. Qd3 Nxe2 35. Nxe2 Be6 36. Nf4 Qd7 37. Qxd7 Bxd7 38. h5 gxh5 39. Nxh5 Bb2
40. Nf6 Be6 41. Kf3 Bxa3 42. b5 cxb5 43. cxb5 Bc4 44. e5 Bxb5 45. e6 Bc4 46.
Kf4 Bxe6 47. Ke5 Bb3 48. Kd4 Bb2+ 49. Kc5 Bxf6 50. gxf6 Kg8 51. Kd6 b5 52. Ke7
b4 53. Kd6 Bf7 54. Kc5 b3 0-1

[Event "Tournoi Skype 024A"]
[Site "Skype"]
[Date "????.??.??"]
[Round "2.34"]
[White "Fouquereau, Andre"]
[Black "Bendre, Pankaj"]
[Result "1/2-1/2"]
[WhiteElo "1419"]
[BlackElo "1558"]
[PlyCount "88"]

1. e4 c6 2. d4 d5 3. exd5 cxd5 4. c3 Nf6 5. Nf3 Nc6 6. Bd3 e6 7. O-O Bd6 8. Bg5
O-O 9. Re1 h6 10. Bh4 Be7 11. Qc2 Ne8 12. Bg3 Nd6 13. Nbd2 Nf5 14. Bxf5 exf5
15. Ne5 Be6 16. Ndf3 Na5 17. b3 Rc8 18. Qd3 a6 19. Rac1 g5 20. h3 Kg7 21. Qe2
Re8 22. c4 f6 23. Ng6 Bd6 24. Bxd6 Qxd6 25. c5 Qd7 26. Nge5 fxe5 27. Qxe5+ Kh7
28. Qd6 Rcd8 29. Qxd7+ Rxd7 30. Ne5 Rc7 31. Nd3 Nc6 32. f4 Nxd4 33. fxg5 hxg5
34. h4 g4 35. Nf4 Rcc8 36. Red1 Nc6 37. Nxd5 Bxd5 38. Rxd5 Kg6 39. Rd6+ Kh5 40.
g3 Ne5 41. Rc2 Rc6 42. Rd5 Rce6 43. Kf1 Kg6 44. Re2 Kf6 1/2-1/2

[Event "Tournoi Skype 024A"]
[Site "Skype"]
[Date "????.??.??"]
[Round "3.1"]
[White "Siret, Bernard"]
[Black "Hilton, Stephen"]
[Result "1-0"]
[WhiteElo "2094"]
[BlackElo "1825"]
[PlyCount "39"]

1. e4 c5 2. Nf3 d6 3. d4 cxd4 4. Nxd4 Nf6 5. Nc3 a6 6. f3 e5 7. Nde2 Be7 8. Be3
Be6 9. g4 h6 10. Bg2 Nbd7 11. h4 Qa5 12. g5 hxg5 13. hxg5 Rxh1+ 14. Bxh1 Nh5
15. Qd2 O-O-O 16. O-O-O Bxa2 17. Qe1 Be6 18. Nd5 Qa1+ 19. Kd2 Qa5+ 20. b4 1-0

[Event "Tournoi Skype 024A"]
[Site "Skype"]
[Date "????.??.??"]
[Round "3.2"]
[White "Ricieri, Vinicius"]
[Black "Benson, Paul"]
[Result "1/2-1/2"]
[WhiteElo "1814"]
[BlackElo "2013"]
[PlyCount "66"]

1. e4 c5 2. Nf3 g6 3. h4 h5 4. Bc4 Bg7 5. d3 Nc6 6. c3 Na5 7. Bb3 Nxb3 8. Qxb3
Qb6 9. Be3 Qxb3 10. axb3 d6 11. b4 b6 12. bxc5 bxc5 13. d4 cxd4 14. Bxd4 Bxd4
15. cxd4 a6 16. Nc3 Rb8 17. Ra2 Nf6 18. O-O Rb6 19. Re1 Bb7 20. d5 Kd7 21. Ng5
Rf8 22. g3 e6 23. dxe6+ fxe6 24. f3 Ke7 25. e5 dxe5 26. Rxe5 Nd5 27. Nxe6 Rxe6
28. Nxd5+ Bxd5 29. Rxd5 Rxf3 30. Kg2 Rb3 31. Rda5 Re2+ 32. Kh3 Rbxb2 33. Rxb2
Rxb2 1/2-1/2

[Event "Tournoi Skype 024A"]
[Site "Skype"]
[Date "????.??.??"]
[Round "3.3"]
[White "Karia, Vijay"]
[Black "Silva, Rodrigo De Souza"]
[Result "1-0"]
[WhiteElo "1792"]
[BlackElo "1946"]
[PlyCount "39"]

1. e4 c5 2. Nc3 Nc6 3. f4 g6 4. Bb5 Bg7 5. Nf3 Nd4 6. O-O Nxb5 7. Nxb5 d6 8. d3
Nf6 9. Qe1 O-O 10. Qh4 a6 11. Nc3 e6 12. f5 Nh5 13. Bg5 f6 14. Bd2 Bh8 15. fxg6
hxg6 16. g4 Ng7 17. Qh6 g5 18. Bxg5 fxg5 19. Nxg5 Rxf1+ 20. Rxf1 1-0

[Event "Tournoi Skype 024A"]
[Site "Skype"]
[Date "????.??.??"]
[Round "3.4"]
[White "Lopez, Jose Luis"]
[Black "Saponara, Jose Maria"]
[Result "1-0"]
[WhiteElo "1893"]
[BlackElo "1790"]
[PlyCount "71"]

1. d4 Nf6 2. c4 e6 3. Nf3 d5 4. Nc3 c6 5. e3 Bd6 6. Qc2 Nbd7 7. g4 h6 8. h3 a6
9. Rg1 c5 10. g5 hxg5 11. Rxg5 g6 12. cxd5 exd5 13. Bd2 Nb6 14. dxc5 Bxc5 15.
Nxd5 Nbxd5 16. Qxc5 Be6 17. Re5 Rh5 18. Rxh5 gxh5 19. Nd4 Ne4 20. Nxe6 fxe6 21.
Qd4 Nxd2 22. Qxd2 Rc8 23. e4 Nb6 24. Qh6 Qe7 25. Qxh5+ Kd7 26. Rd1+ Kc6 27.
Rc1+ Kd7 28. Qd1+ Ke8 29. Rxc8+ Nxc8 30. Qb3 b5 31. a4 Nd6 32. axb5 Nxe4 33.
bxa6 Nc5 34. Qb8+ Kf7 35. a7 Kg7 36. a8=Q 1-0

[Event "Tournoi Skype 024A"]
[Site "Skype"]
[Date "????.??.??"]
[Round "3.5"]
[White "Deville, Olivier"]
[Black "Martinez, Jose Abel"]
[Result "0-1"]
[WhiteElo "1860"]
[BlackElo "1740"]
[PlyCount "68"]

1. d4 Nf6 2. c4 g6 3. Nc3 d5 4. cxd5 Nxd5 5. Bd2 Nxc3 6. Bxc3 Bg7 7. d5 Bxc3+
8. bxc3 O-O 9. e4 e6 10. Nf3 exd5 11. exd5 Re8+ 12. Be2 Qe7 13. Nd4 c5 14. Nb5
a6 15. Na3 b5 16. Nc2 Qe5 17. Qd2 Nd7 18. Kf1 Nf6 19. Bf3 Bg4 20. Bxg4 Nxg4 21.
h4 Rad8 22. Re1 Qf5 23. Rxe8+ Rxe8 24. Rh3 Rd8 25. Rd3 Nxf2 26. Rf3 Ne4 27. Qh6
Qxd5 28. Ne3 Nd2+ 29. Kf2 Qxa2 30. Rf4 Nc4+ 31. Kf3 Rd3 32. Re4 Nd2+ 33. Ke2
Nxe4+ 34. Kxd3 Nf2# 0-1

[Event "Tournoi Skype 024A"]
[Site "Skype"]
[Date "????.??.??"]
[Round "3.6"]
[White "Montenegro, Juan Carlos"]
[Black "Altinok, Selim"]
[Result "1-0"]
[WhiteElo "1786"]
[BlackElo "1840"]
[PlyCount "65"]

1. d4 Nf6 2. c4 g6 3. Nc3 Bg7 4. e4 d6 5. Nf3 O-O 6. h3 Nbd7 7. Bd3 c5 8. d5 a6
9. a4 e6 10. O-O exd5 11. cxd5 Re8 12. Bg5 Qa5 13. Re1 Qc7 14. Bc4 Nb6 15. Bd3
c4 16. Bf1 Bd7 17. Nd4 h6 18. Bd2 Nfxd5 19. exd5 Bxd4 20. Bxh6 Bh8 21. a5 Nc8
22. Rxe8+ Bxe8 23. Ne4 Bxb2 24. Bg5 Kg7 25. Ra2 Be5 26. f4 f6 27. fxe5 fxg5 28.
e6 Qe7 29. Rf2 Na7 30. Qd4+ Kh6 31. Nxg5 Kxg5 32. Qf4+ Kh5 33. Be2# 1-0

[Event "Tournoi Skype 024A"]
[Site "Skype"]
[Date "????.??.??"]
[Round "3.7"]
[White "Sojka, Bernard"]
[Black "Pena, Eduin"]
[Result "1-0"]
[WhiteElo "2146"]
[BlackElo "1720"]
[PlyCount "81"]

1. g4 e5 2. Bg2 Bc5 3. e3 Nc6 4. c3 Bb6 5. Na3 Nge7 6. d4 exd4 7. exd4 d5 8.
Nh3 O-O 9. Nf4 Re8 10. O-O Nb8 11. Re1 c6 12. Nc2 Bc7 13. Bd2 Nd7 14. Nb4 Nf8
15. Nbd3 Nfg6 16. Nh5 f5 17. g5 Nh4 18. Bh1 Neg6 19. Rxe8+ Qxe8 20. f4 Nf8 21.
Ng3 b6 22. Ne5 Ne6 23. Qa4 Bxe5 24. dxe5 b5 25. Qc2 Nc5 26. Be3 Ne4 27. a4 Ba6
28. axb5 Bxb5 29. b3 Nxg5 30. fxg5 Qxe5 31. Qd2 Ng6 32. Bd4 Qe7 33. Nxf5 Qd7
34. Nxg7 c5 35. Nh5 Qg4+ 36. Bg2 Rf8 37. Bxc5 Nf4 38. Nxf4 Rxf4 39. Qxd5+ Rf7
40. Qd8+ Kg7 41. Bd4+ 1-0

[Event "Tournoi Skype 024A"]
[Site "Skype"]
[Date "????.??.??"]
[Round "3.8"]
[White "Vilone, Rino"]
[Black "Grosso, Raul"]
[Result "0-1"]
[WhiteElo "1570"]
[BlackElo "1895"]
[PlyCount "118"]

1. e4 c5 2. Bc4 e6 3. f4 a6 4. Nf3 Nc6 5. a3 Be7 6. O-O Qc7 7. d3 d6 8. Be3 b5
9. Ba2 Bb7 10. Nbd2 Nf6 11. Qe2 Ng4 12. Bf2 Nxf2 13. Rxf2 O-O 14. Raf1 b4 15.
Ng5 h6 16. Nh3 Bf6 17. Nc4 Bd4 18. Ne3 Ne7 19. Rf3 d5 20. Kh1 dxe4 21. dxe4
Bxe4 22. Rg3 Nf5 23. Nxf5 exf5 24. c3 bxc3 25. bxc3 Bf6 26. Nf2 Qc6 27. Nxe4
fxe4 28. Rd1 Rad8 29. Rb1 Rd6 30. Qc4 Qd7 31. h3 Rd3 32. Rxd3 exd3 33. Bb3 d2
34. Kh2 Qd6 35. Rd1 g5 36. g3 h5 37. a4 h4 38. Kg2 hxg3 39. Kxg3 Qxf4+ 40. Qxf4
gxf4+ 41. Kxf4 Bxc3 42. Rg1+ Kh7 43. Bc2+ Kh6 44. Bd1 Rd8 45. Ke4 Rd4+ 46. Ke3
c4 47. Kf3 Rd3+ 48. Kg4 Re3 49. Rg3 Re1 50. Bc2 Be5 51. Rf3 Kg7 52. Rf5 f6 53.
Rh5 d1=Q+ 54. Bxd1 Rxd1 55. Rf5 Ra1 56. Rf2 Rxa4 57. Kf5 c3 58. Rg2+ Kf7 59.
Rc2 Rf4# 0-1

[Event "Tournoi Skype 024A"]
[Site "Skype"]
[Date "????.??.??"]
[Round "3.9"]
[White "Calcino, Luis"]
[Black "Diaz, Jose Garcia"]
[Result "0-1"]
[WhiteElo "1675"]
[BlackElo "1807"]
[PlyCount "74"]

1. d4 Nf6 2. c4 c6 3. Nc3 d5 4. cxd5 cxd5 5. e3 e6 6. Nf3 Nbd7 7. Be2 Bd6 8.
O-O O-O 9. Nb5 Bb8 10. Nd2 a6 11. Nc3 b5 12. f4 Bb7 13. Bf3 Nb6 14. b3 b4 15.
Ne2 Ne4 16. Nxe4 dxe4 17. Bg4 f5 18. Bh3 Rf6 19. g3 Nd5 20. Qd2 Rh6 21. Bg2 g5
22. Bb2 Bd6 23. h3 Rg6 24. Kh2 gxf4 25. Nxf4 Bxf4 26. Rxf4 Nxf4 27. exf4 a5 28.
a3 Qd6 29. Bf1 e3 30. Qe2 Qd5 31. Bg2 Qxg2+ 32. Qxg2 Bxg2 33. Kxg2 Rc8 34. Rc1
Rxc1 35. Bxc1 e2 36. Kf2 Rxg3 37. Kxe2 Rxb3 0-1

[Event "Tournoi Skype 024A"]
[Site "Skype"]
[Date "????.??.??"]
[Round "3.10"]
[White "Murgia, Stefano"]
[Black "Engstrom, Olle"]
[Result "1-0"]
[WhiteElo "1769"]
[BlackElo "1678"]
[PlyCount "41"]

1. e4 e5 2. Nf3 Nc6 3. Bb5 a6 4. Ba4 Nf6 5. Qe2 Be7 6. c3 b5 7. Bc2 O-O 8. O-O
d6 9. d4 Bg4 10. dxe5 Nxe5 11. Nbd2 c5 12. a4 Qb6 13. Rd1 b4 14. Nf1 Nxf3+ 15.
gxf3 Bh3 16. Ne3 Rfe8 17. f4 Bc8 18. e5 dxe5 19. fxe5 Nd7 20. Nd5 Qc6 21. Be4
1-0

[Event "Tournoi Skype 024A"]
[Site "Skype"]
[Date "????.??.??"]
[Round "3.11"]
[White "Ibarra Cantu, Raul Alberto"]
[Black "Perez Fermin, Jose"]
[Result "1-0"]
[WhiteElo "1955"]
[BlackElo "1576"]
[PlyCount "55"]

1. e4 c5 2. Nf3 d6 3. d4 cxd4 4. Nxd4 Nf6 5. Nc3 g6 6. Be3 Nc6 7. f3 Bg7 8. Qd2
O-O 9. Bc4 Ne5 10. Bb3 a6 11. O-O-O b5 12. Bh6 Qc7 13. Bxg7 Kxg7 14. Nd5 Nxd5
15. Bxd5 Bb7 16. f4 Bxd5 17. exd5 Nc4 18. Qc3 Kg8 19. b3 Qa5 20. Qxa5 Nxa5 21.
f5 Rac8 22. Rhe1 Rc7 23. Rd3 Rfc8 24. Rde3 Kf8 25. fxg6 hxg6 26. Rf1 Ke8 27.
Rh3 Kd7 28. Rxf7 1-0

[Event "Tournoi Skype 024A"]
[Site "Skype"]
[Date "????.??.??"]
[Round "3.12"]
[White "Rico Hernandez, Edgar"]
[Black "Yeter, Orhan"]
[Result "1-0"]
[WhiteElo "1943"]
[BlackElo "1570"]
[PlyCount "95"]

1. d4 Nf6 2. c4 e6 3. Nc3 Bb4 4. Qc2 b6 5. Nf3 Bb7 6. a3 Bxc3+ 7. Qxc3 O-O 8.
e3 d5 9. Bd3 dxc4 10. Bxc4 Nbd7 11. O-O Rc8 12. b4 Re8 13. Bb2 c5 14. dxc5 bxc5
15. Qb3 Nb6 16. bxc5 Rxc5 17. Bb5 Qa8 18. Ne1 Rd8 19. Bd4 Rg5 20. f3 Rdd5 21.
Be2 Rd6 22. Rd1 Nbd5 23. Rb1 Nb6 24. Qb2 Qd8 25. Nd3 Ba6 26. Nf2 Bxe2 27. Qxe2
e5 28. Bxb6 Rxb6 29. Rbd1 Qe7 30. Qd3 h6 31. Rd2 Qb7 32. Ne4 Nxe4 33. fxe4 Rb3
34. Qd5 Qxd5 35. exd5 Rxe3 36. d6 Rxa3 37. d7 e4 38. d8=Q+ Kh7 39. Qe7 e3 40.
Re2 Ra4 41. Qxe3 Rag4 42. Rxf7 a5 43. Ref2 a4 44. Qd3+ Rg6 45. Rf8 Rb4 46. Rh8+
Kxh8 47. Qxg6 a3 48. Rf8# 1-0

[Event "Tournoi Skype 024A"]
[Site "Skype"]
[Date "????.??.??"]
[Round "3.14"]
[White "Mitrani, Alberto"]
[Black "Segura Lozano, Marcos Antonio"]
[Result "0-1"]
[WhiteElo "1549"]
[BlackElo "1784"]
[PlyCount "91"]

1. d4 Nf6 2. Nf3 d6 3. e3 g6 4. Bd3 Bg7 5. b3 O-O 6. Bb2 Nbd7 7. Nbd2 e5 8. Qe2
Nd5 9. O-O-O Nb4 10. a3 Nxd3+ 11. Qxd3 Qe7 12. Rde1 Nb6 13. h4 Bd7 14. h5 f5
15. e4 f4 16. hxg6 hxg6 17. Nh4 Qf6 18. d5 Kf7 19. g3 Rh8 20. Ndf3 Rh6 21. Kb1
Rah8 22. Reg1 g5 23. Nxg5+ Qxg5 24. Nf3 Qf6 25. Rxh6 Rxh6 26. g4 Rh3 27. Ng5+
Qxg5 28. Qxh3 Bh6 29. f3 Nc8 30. Rh1 Kg7 31. Qf1 Be8 32. b4 Nb6 33. b5 Na4 34.
Qc4 Nc5 35. a4 b6 36. Bc3 Qd8 37. Bb4 Bg5 38. Bxc5 bxc5 39. Qc3 Qb8 40. Qd2 c4
41. Qb4 a6 42. Qxc4 axb5 43. axb5 Bxb5 44. Qb3 Qe8 45. c4 Bd7 46. Kc2 0-1

[Event "Tournoi Skype 024A"]
[Site "Skype"]
[Date "????.??.??"]
[Round "3.17"]
[White "Thacker, Stephen"]
[Black "Aceituno, Stebe"]
[Result "1/2-1/2"]
[WhiteElo "1740"]
[BlackElo "1558"]
[PlyCount "45"]

1. e4 c5 2. Nf3 Nc6 3. Bb5 d6 4. Bxc6+ bxc6 5. h3 Nf6 6. d3 g6 7. Nbd2 Bg7 8.
O-O O-O 9. a3 Rb8 10. Rb1 a5 11. b3 Qc7 12. a4 Ba6 13. Re1 d5 14. Nf1 e6 15.
Ng3 c4 16. Ba3 Rfe8 17. e5 Nd7 18. Bd6 Qc8 19. Bxb8 Qxb8 20. bxc4 Qc7 21. d4
Bxc4 22. Nf1 Nb6 23. Ra1 1/2-1/2

[Event "Tournoi Skype 024A"]
[Site "Skype"]
[Date "????.??.??"]
[Round "3.18"]
[White "Vasquez, Oscar"]
[Black "Junqueira, Leonardo De Faria"]
[Result "1-0"]
[WhiteElo "1712"]
[BlackElo "1538"]
[PlyCount "149"]

1. c4 Nf6 2. Nf3 Nc6 3. Nc3 e5 4. d3 Bb4 5. Bd2 O-O 6. g3 d6 7. Bg2 Bxc3 8.
Bxc3 e4 9. Nd4 exd3 10. Qxd3 Ne5 11. Qc2 Nxc4 12. O-O c6 13. Nf3 h6 14. e4 Be6
15. Rfe1 Re8 16. Nd2 Nxd2 17. Qxd2 d5 18. exd5 Bxd5 19. Bxd5 Nxd5 20. Rad1 Qc7
21. Qc2 Rad8 22. Rxe8+ Rxe8 23. Bxg7 Kxg7 24. Rxd5 Qe7 25. Rd1 Qe2 26. Qc3+ Kg8
27. Qd4 c5 28. Qd2 Qxd2 29. Rxd2 Re7 30. b3 b5 31. Rd8+ Kg7 32. Rc8 c4 33. bxc4
bxc4 34. Rxc4 Kf6 35. Kf1 Kg5 36. h3 h5 37. a4 Kg6 38. Rb4 Kf6 39. Rb5 Kg6 40.
a5 Kh6 41. a6 Re6 42. Ra5 Kg7 43. f4 Kf6 44. Rxh5 Ke7 45. Ra5 Kd7 46. Kf2 Rb6
47. Kf3 Ke7 48. h4 Kf6 49. Kg4 Kg7 50. h5 f6 51. Kf5 Kh6 52. g4 Kg7 53. Ra1 Kh6
54. Ra3 Kg7 55. Ra5 Kh6 56. Ra4 Kg7 57. g5 Rb5+ 58. Kg4 fxg5 59. fxg5 Rb6 60.
Ra5 Rb1 61. Rc5 Rg1+ 62. Kf5 Rf1+ 63. Ke6 Rb1 64. Rc7+ Kf8 65. Rxa7 Rb6+ 66.
Ke5 Rb5+ 67. Kf6 Rb6+ 68. Kf5 Rb5+ 69. Kg6 Rb6+ 70. Kh7 Re6 71. Ra8+ Kf7 72.
g6+ Kf6 73. g7 Re7 74. h6 Kg5 75. Rb8 1-0

[Event "Tournoi Skype 024A"]
[Site "Skype"]
[Date "????.??.??"]
[Round "3.19"]
[White "Castillo, Jesus"]
[Black "Khetre, Gaurav"]
[Result "1-0"]
[WhiteElo "1527"]
[BlackElo "1705"]
[PlyCount "55"]

1. e4 e6 2. d4 d5 3. e5 c5 4. c3 Nc6 5. Nf3 Qb6 6. Be2 Bd7 7. O-O Rc8 8. Na3
Nh6 9. Nc2 Be7 10. Rb1 Nf5 11. Bf4 cxd4 12. cxd4 f6 13. g4 Nh6 14. Bxh6 gxh6
15. Qd2 Rg8 16. Qxh6 Rxg4+ 17. Kh1 f5 18. Qxh7 Nb4 19. Nxb4 Qxb4 20. Rg1 Rc2
21. Rxg4 fxg4 22. Qxc2 gxf3 23. Bxf3 Qxd4 24. Rg1 Bb5 25. Qc8+ Bd8 26. Bh5+ Ke7
27. Rg7+ Kf8 28. Rf7+ 1-0

[Event "Tournoi Skype 024A"]
[Site "Skype"]
[Date "????.??.??"]
[Round "3.20"]
[White "Sauvaget, Joel"]
[Black "Perrone, Gabriel Lorenzo"]
[Result "1/2-1/2"]
[WhiteElo "1684"]
[BlackElo "1521"]
[PlyCount "49"]

1. e4 e5 2. Nf3 Nc6 3. Nc3 Nf6 4. d3 Be7 5. Be2 d6 6. h3 h6 7. O-O O-O 8. a3 a6
9. Be3 Be6 10. d4 Nxd4 11. Nxd4 exd4 12. Bxd4 c5 13. Be3 d5 14. exd5 Nxd5 15.
Nxd5 Qxd5 16. Bf3 Qe5 17. Bg4 Rfd8 18. Qe2 b5 19. Bxe6 Qxe6 20. Rfe1 Rd7 21.
Qf3 Rc8 22. c3 Qf6 23. Qg4 Rcd8 24. Rad1 Rxd1 25. Rxd1 1/2-1/2

[Event "Tournoi Skype 024A"]
[Site "Skype"]
[Date "????.??.??"]
[Round "3.21"]
[White "Aravena, Alvaro"]
[Black "Vello, Pablo"]
[Result "0-1"]
[WhiteElo "1660"]
[BlackElo "1518"]
[PlyCount "112"]

1. e4 e6 2. d4 d5 3. exd5 exd5 4. Nf3 Nf6 5. Bd3 Bd6 6. c3 O-O 7. O-O Bd7 8.
Qc2 h6 9. h3 a6 10. c4 dxc4 11. Bxc4 Bb5 12. Bxb5 axb5 13. Be3 Na6 14. Nbd2 Nb4
15. Qb3 c6 16. a3 Nbd5 17. Rfe1 Nxe3 18. Rxe3 Nd5 19. Re2 Qc8 20. Ne5 Re8 21.
Qf3 Qc7 22. Rae1 Bxe5 23. dxe5 Re6 24. Re4 Rae8 25. Qh5 Rg6 26. Nf3 Qd7 27. Nd4
Rg5 28. Qf3 Rg6 29. Nf5 Ree6 30. Rg4 Rxg4 31. Qxg4 Rg6 32. Qf3 Re6 33. Nd4 Rg6
34. h4 Qg4 35. Re4 Qxf3 36. Nxf3 Re6 37. Nd4 Re8 38. g3 Nb6 39. f4 Nc4 40. Re2
Rd8 41. Nf5 Kf8 42. Rc2 Rd3 43. Kf2 Rb3 44. Nd6 Nxd6 45. exd6 Rd3 46. Ke2 Rxd6
47. Rc3 Ke7 48. Re3+ Re6 49. Rxe6+ Kxe6 50. Kd3 Kd5 51. Kc3 f5 52. Kb4 Ke4 53.
Ka5 Kf3 54. Kb6 Kxg3 55. Kxb7 Kxf4 56. Kxc6 Kg3 0-1

[Event "Tournoi Skype 024A"]
[Site "Skype"]
[Date "????.??.??"]
[Round "3.22"]
[White "Trivedi, Viral"]
[Black "Marino, Giuseppe"]
[Result "1-0"]
[WhiteElo "1654"]
[BlackElo "1444"]
[PlyCount "89"]

1. d4 d5 2. Bf4 Nf6 3. e3 e6 4. Bd3 Bd6 5. Bg3 O-O 6. Nf3 c6 7. Nbd2 Re8 8. c3
Bxg3 9. hxg3 h6 10. Ne5 Nbd7 11. Ng4 Nxg4 12. Qxg4 Qf6 13. O-O-O Nc5 14. dxc5
e5 15. Qh4 Re6 16. Qxf6 Rxf6 17. f4 e4 18. Bxe4 dxe4 19. Nxe4 Re6 20. Rd8+ Kh7
21. Ng5+ Kg6 22. Nxe6 fxe6 23. Rhd1 Kf6 24. R1d6 Kf5 25. Rf8+ Kg4 26. Rdd8 a5
27. Rxc8 Ra6 28. Ra8 Rxa8 29. Rxa8 Kxg3 30. Rxa5 Kxg2 31. Kd2 h5 32. Ra8 h4 33.
Rh8 h3 34. Ke2 h2 35. e4 h1=Q 36. Rxh1 Kxh1 37. Kf3 Kg1 38. b4 Kf1 39. a4 Ke1
40. Ke3 Kd1 41. Kd3 Kc1 42. b5 cxb5 43. axb5 Kb2 44. c6 bxc6 45. bxc6 1-0

[Event "Tournoi Skype 024A"]
[Site "Skype"]
[Date "????.??.??"]
[Round "3.23"]
[White "Mulrooney, Justin"]
[Black "Montalvo, Mario"]
[Result "0-1"]
[WhiteElo "1647"]
[BlackElo "1435"]
[PlyCount "46"]

1. e4 d6 2. d4 Nf6 3. Bd3 g6 4. Bg5 Bg7 5. Nd2 O-O 6. Ngf3 c6 7. c3 Qc7 8. Qc2
a5 9. O-O e5 10. Rac1 Nbd7 11. a4 Re8 12. Rfe1 Nf8 13. Nc4 Ne6 14. dxe5 dxe5
15. Nfxe5 Nxg5 16. f4 Nh5 17. Qf2 Nxf4 18. Qxf4 Rxe5 19. Nxe5 Qxe5 20. Qf2 Bg4
21. Rf1 Bf8 22. b4 Bd6 23. g3 Nh3+ 0-1

[Event "Tournoi Skype 024A"]
[Site "Skype"]
[Date "????.??.??"]
[Round "3.24"]
[White "Lovell, Stan"]
[Black "Ram, Madhukesh"]
[Result "1-0"]
[WhiteElo "1620"]
[BlackElo "1430"]
[PlyCount "109"]

1. e4 e5 2. Bc4 Nc6 3. Nf3 h6 4. O-O Bc5 5. c3 a6 6. Bb3 Nf6 7. d4 exd4 8. cxd4
Ba7 9. Nc3 O-O 10. h3 d6 11. Re1 Re8 12. Bf4 Bb6 13. a3 Ne7 14. Rc1 Ng6 15. Bg3
Re7 16. e5 Nh7 17. Nd5 Re8 18. Nxb6 cxb6 19. Qc2 Ngf8 20. Qc4 Be6 21. d5 Bd7
22. exd6 Rxe1+ 23. Rxe1 Qf6 24. Be5 Qg6 25. Nh4 Qg5 26. Bg3 Nf6 27. Qc1 Ne4 28.
Qxg5 Nxg5 29. Rc1 Re8 30. Bf4 Ne4 31. Nf3 Bf5 32. Rc7 Nc5 33. Ba2 Nfd7 34. Be3
h5 35. b4 Ne4 36. Nd4 Nxd6 37. Nxf5 Nxf5 38. Rxd7 Nxe3 39. fxe3 Rxe3 40. Bb1
Re1+ 41. Kf2 Rxb1 42. Rxb7 b5 43. d6 Rd1 44. d7 Kh7 45. Ke2 Rd6 46. Ke3 Kg6 47.
Rb6 Rxb6 48. d8=Q Re6+ 49. Kf4 Rf6+ 50. Kg3 h4+ 51. Kg4 Re6 52. Qg5+ Kh7 53.
Qxh4+ Kg8 54. Kg5 f6+ 55. Kf5 1-0

[Event "Tournoi Skype 024A"]
[Site "Skype"]
[Date "????.??.??"]
[Round "3.26"]
[White "Bendre, Pankaj"]
[Black "Mordaa, Ahmad"]
[Result "0-1"]
[WhiteElo "1558"]
[BlackElo "1458"]
[PlyCount "66"]

1. e4 e5 2. Nf3 Nc6 3. Bc4 Bc5 4. c3 Nf6 5. d4 exd4 6. cxd4 Bb4+ 7. Bd2 Bxd2+
8. Nbxd2 d6 9. O-O O-O 10. h3 Na5 11. Bd3 Be6 12. Qc2 h6 13. b4 Nc6 14. a3 Ne7
15. Rac1 Rc8 16. d5 Bd7 17. Nd4 Ng6 18. N2f3 Nf4 19. Kh2 g5 20. Qd2 N6h5 21. g4
Nxd3 22. Qxd3 Nf4 23. Qd2 Qf6 24. Ne2 Nxh3 25. Nfd4 Bxg4 26. f3 Bd7 27. Ng3 h5
28. Nxh5 Qh6 29. Ng3 Nf4+ 30. Kg1 Nh3+ 31. Kh2 Nf4+ 32. Kg1 Qh3 33. Qf2 Nd3 0-1

[Event "Tournoi Skype 024A"]
[Site "Skype"]
[Date "????.??.??"]
[Round "3.27"]
[White "Le Brun, Yves"]
[Black "Fouquereau, Andre"]
[Result "1-0"]
[WhiteElo "1454"]
[BlackElo "1419"]
[PlyCount "71"]

1. d4 d5 2. Nf3 Nc6 3. g3 Nf6 4. Bg2 e6 5. O-O Bd6 6. Nbd2 O-O 7. Re1 Re8 8. e4
dxe4 9. Nxe4 Nxe4 10. Rxe4 e5 11. c3 Bf5 12. Re1 e4 13. Nh4 Qd7 14. d5 Ne5 15.
Bxe4 Bxe4 16. Rxe4 Nf3+ 17. Qxf3 Rxe4 18. Qxe4 Re8 19. Qd3 Bc5 20. Bf4 Bb6 21.
Nf3 h6 22. Rd1 Qa4 23. b3 Qxa2 24. Nd4 Bc5 25. Be3 Bd6 26. Rd2 Qa5 27. c4 Bb4
28. Re2 Qa1+ 29. Kg2 Bc5 30. Nc2 Qa5 31. Bxc5 Rxe2 32. Qxe2 Qxc5 33. Qe8+ Kh7
34. Qxf7 a5 35. Ne3 Qb6 36. Nf5 1-0

[Event "Tournoi Skype 024A"]
[Site "Skype"]
[Date "????.??.??"]
[Round "3.28"]
[White "Thoune, Jim"]
[Black "Aranzubia, Desiderio"]
[Result "1/2-1/2"]
[WhiteElo "1659"]
[BlackElo "1535"]
[PlyCount "94"]

1. Nf3 Nf6 2. c4 c5 3. Nc3 Nc6 4. d3 d6 5. g3 b6 6. Bg2 Bb7 7. O-O a6 8. a3 e6
9. Rb1 Be7 10. Bd2 O-O 11. e4 Qc7 12. Re1 e5 13. Nd5 Nxd5 14. exd5 Nb8 15. Qe2
Nd7 16. d4 cxd4 17. Nxd4 Rae8 18. Nf5 Bf6 19. Bb4 Nc5 20. Bc3 g6 21. Nh6+ Kh8
22. b3 Bg7 23. Qe3 Bc8 24. Bd2 f5 25. b4 Nd7 26. Qb3 f4 27. Ng4 h5 28. Nxe5
Bxe5 29. gxf4 Bg7 30. Be4 Rxe4 31. Rxe4 Nf6 32. Ree1 b5 33. cxb5 axb5 34. Rbc1
Qb7 35. Qd3 Bf5 36. Qf3 Qxd5 37. Qxd5 Nxd5 38. Rc6 Rd8 39. Rec1 Bf8 40. f3 Bd7
41. Ra6 Bh6 42. Ra7 Bxf4 43. Bxf4 Nxf4 44. Rcc7 Bf5 45. Rh7+ Kg8 46. Rhg7+ Kf8
47. Raf7+ Ke8 1/2-1/2

[Event "Tournoi Skype 024A"]
[Site "Skype"]
[Date "????.??.??"]
[Round "3.29"]
[White "L'Herbon De Lussats, Jean"]
[Black "Casey, Eamonn"]
[Result "0-1"]
[WhiteElo "1539"]
[BlackElo "1643"]
[PlyCount "90"]

1. e4 e6 2. d4 d5 3. e5 c5 4. c3 Nc6 5. Nf3 cxd4 6. cxd4 Nge7 7. Nbd2 Nf5 8.
Nb3 Bb4+ 9. Bd2 Bxd2+ 10. Qxd2 O-O 11. O-O-O Bd7 12. Bd3 Rc8 13. Kb1 Nfe7 14.
h4 h6 15. g4 Qb6 16. h5 Nb4 17. a3 Nxd3 18. Qxd3 Bb5 19. Qd2 Ba4 20. Rc1 Qxb3
21. Rc3 Rxc3 22. Qxc3 Rc8 23. Qxb3 Bxb3 24. g5 Bc2+ 25. Ka1 Be4 26. Rh3 Bxf3
27. Rxf3 Nf5 28. g6 fxg6 29. hxg6 Rf8 30. Rd3 Ne7 31. f3 Nxg6 32. Rc3 Nh4 33.
Rc7 Rf7 34. Rc8+ Kh7 35. Re8 Nxf3 36. Rxe6 Nxd4 37. Rd6 Nc2+ 38. Ka2 Ne3 39. e6
Re7 40. Kb3 h5 41. Kc3 h4 42. Kd4 Nf5+ 43. Kxd5 Nxd6 44. Kxd6 Rxe6+ 45. Kxe6 h3
0-1

[Event "Tournoi Skype 024A"]
[Site "Skype"]
[Date "????.??.??"]
[Round "3.31"]
[White "Yardimci, Ertan"]
[Black "Grib, Johannes"]
[Result "0-1"]
[WhiteElo "1610"]
[BlackElo "1522"]
[PlyCount "52"]

1. d4 g6 2. c4 Nf6 3. Nc3 Bg7 4. Nf3 c6 5. e4 O-O 6. Bg5 d5 7. cxd5 cxd5 8. e5
Ne4 9. Be3 Bg4 10. Be2 Nxc3 11. bxc3 Nd7 12. h3 Bf5 13. O-O f6 14. Bf4 fxe5 15.
Nxe5 Nxe5 16. Bxe5 Bxe5 17. dxe5 e6 18. Bf3 h5 19. Qb3 Bxh3 20. Bxh5 Qg5 21. g4
Bxf1 22. f4 Rxf4 23. Qxb7 Raf8 24. Qd7 gxh5 25. Qxe6+ Kh8 26. Qxd5 Rxg4+ 0-1